000 00318 a2200145 4500
001 151254
040 _cEscola São Tomás de Aquino
100 _aMACHADO, Ana Maria
240 1 0 _aJeca, o tatu
_lpor
245 1 0 _aJeca, o tatu
362 0 _a2004
440 1 _aÁtica
697 _a*LITERATURA INFANTO
942 _cBK
999 _c151254
_d151254